BVB Trainer seit 2000 - Statistiken

Allgemein
  • Dieses Quiz wurde 289 mal gespielt
  • Das Durchschnittsergebnis liegt bei 9 aus 16
Antwortstatistiken
Hint Antwort % Korrekt
2008-2015 Jürgen Klopp
97%
2024- Nuri Sahin
92%
2015-2017 Thomas Tuchel
87%
2020-2021 Edin Terzic
86%
2022-2024 Edin Terzic
86%
2018-2020 Lucien Favre
78%
2021-2022 Marco Rose
76%
2017-2017 Peter Bosz
67%
2017-2018 Peter Stöger
67%
2000-2004 Matthias Sammer
52%
2007-2008 Thomas Doll
39%
2004-2006 Bert van Marwijk
22%
2000-2000 Udo Lattek
20%
2006-2007 Jürgen Röber
19%
1998-2000 Michael Skibbe
16%
2000-2000 Bernd Krauss
12%
Keine übereinstimmenden Quizze gefunden
Verteilung der Resultate
Anzahl Personen mit jedem Resultat
Perzentil nach korrekt beantworteten Fragen
Ihre Resultats-Entwicklung
Sie haben dieses Quiz noch nicht gespielt